Ami Pro 3.0. Základní znalosti a praxe /
Gespeichert in:
| 1. Verfasser: | |
|---|---|
| Format: | Buch |
| Sprache: | Tschechisch |
| Veröffentlicht: |
Brno :
UNIS,
1993
|
| Tags: |
Keine Tags, Fügen Sie das erste Tag hinzu!
|
MARC
| LEADER | 00000nam a22000003a 4500 | ||
|---|---|---|---|
| 001 | stu31553 | ||
| 005 | 20150617225735.0 | ||
| 008 | 940203s1993----cs------------------cze-d | ||
| 020 | |a 3-89362-270-5 | ||
| 040 | |a STU |b slo | ||
| 041 | 0 | |a cze | |
| 044 | |a cs | ||
| 080 | |a 681.3.066 | ||
| 100 | 1 | |a Christen, Daniel |4 aut | |
| 245 | 1 | |a Ami Pro 3.0. Základní znalosti a praxe / |c [aut.] Christen,Daniel | |
| 260 | |a Brno : |b UNIS, |c 1993 | ||
| 300 | |a 500 s | ||
| 996 | |b J90630 |c J*90630 |l JJK12 |s P |a 0 |w stu31553_0001 | ||
| 996 | |b J90366 |c J*90366 |l JJSK |s A |a 24 |w stu31553_0002 | ||
| 996 | |b J90367 |c J*90367 |l JJSK |s A |a 24 |w stu31553_0003 | ||